000 02669cam a2200421 4500500
005 20260405003308.0
041 _afre
042 _adc
100 1 0 _aBeauvisage, Thomas
_eauthor
700 1 0 _aDanieli, Aude
_eauthor
700 1 0 _aDucourant, Hélène
_eauthor
245 0 0 _aDes octets dans le porte-monnaie
260 _c2023.
500 _a45
520 _aL’argent liquide n’en finit pas de disparaître du quotidien. Les pièces et les billets, qui constituent encore la forme de référence de l’argent dans les imaginaires, s’effacent peu à peu des gestes ordinaires : payer, donner, recevoir, prêter, partager, mettre de côté et compter. L’article décrit les grandes dimensions de cette numérisation de l’argent, elles ont trait au développement de monnaies intrinsèquement numériques, à l’apparition de nouveaux intermédiaires de paiement et aux innovations du paiement mobile. Il identifie ensuite des axes de recherche pour penser ces transformations. Le reflux de l’argent liquide et l’avènement annoncé de sociétés cashless, les données de l’argent et du paiement, et l’appropriation de l’argent numérique sont l’objet d’investissements disparates par les sciences sociales que l’article cartographie.
520 _aCash is gradually disappearing from everyday life. Coins and banknotes, which still constitute the reference in the collective imaginary, are less and less part of the ordinary acts of paying, giving, receiving, lending, sharing, saving and counting. This article describes the main dimensions of the digitization of money: the development of digital currencies, the appearance of new payment intermediaries, and the innovations in mobile payment. It identifies three research areas for exploring these transformations, and maps the diverse ways in which the social sciences are addressing them: decline of cash, along with the predicted advent of cashless societies; the data of money and payment; and the appropriation of digital money.
690 _aargent
690 _acashless
690 _acryptomonnaie
690 _adonnées
690 _afintech
690 _amobile
690 _amonnaie
690 _anumérique
690 _apaiement
690 _asociété
690 _acash
690 _acashless society
690 _acryptocurrency
690 _adata
690 _adigital
690 _afintech
690 _amobile
690 _amoney
690 _apayment
786 0 _nRéseaux | 238-239 | 2 | 2023-05-17 | p. 9-42 | 0751-7971
856 4 1 _uhttps://shs.cairn.info/revue-reseaux-2023-2-page-9?lang=fr&redirect-ssocas=7080
999 _c2066224
_d2066224